MARC details
| 000 -LEADER |
| fixed length control field |
02154cam a2200349 i 4500 |
| 001 - CONTROL NUMBER |
| control field |
20708744 |
| 005 - DATE AND TIME OF LATEST TRANSACTION |
| control field |
20191007112316.0 |
| 008 - FIXED-LENGTH DATA ELEMENTS--GENERAL INFORMATION |
| fixed length control field |
181007t20192019nyua b 000 0 eng c |
| 010 ## - LIBRARY OF CONGRESS CONTROL NUMBER |
| LC control number |
2018039348 |
| 020 ## - INTERNATIONAL STANDARD BOOK NUMBER |
| International Standard Book Number |
9780815383390 |
| 020 ## - INTERNATIONAL STANDARD BOOK NUMBER |
| International Standard Book Number |
978-0-8153-8342-0 |
| 040 ## - CATALOGING SOURCE |
| Original cataloging agency |
LBSOR/DLC |
| Language of cataloging |
eng |
| Transcribing agency |
LBSOR |
| Description conventions |
rda |
| Modifying agency |
DLC |
| 042 ## - AUTHENTICATION CODE |
| Authentication code |
pcc |
| 043 ## - GEOGRAPHIC AREA CODE |
| Geographic area code |
n-us--- |
| 050 00 - LIBRARY OF CONGRESS CALL NUMBER |
| Classification number |
Q183.3.A1 |
| Item number |
B767 2019 |
| 082 00 - DEWEY DECIMAL CLASSIFICATION NUMBER |
| Classification number |
DC 372.35044 |
| Edition number |
2019 |
| Item number |
B812 |
| 100 1# - MAIN ENTRY--PERSONAL NAME |
| Personal name |
Brown, Patrick, |
| Dates associated with a name |
1978- |
| Relator term |
author. |
| 9 (RLIN) |
40225 |
| 245 10 - TITLE STATEMENT |
| Title |
Evidence-based science activities in grades 3-5 : |
| Remainder of title |
meeting the NGSS / |
| Statement of responsibility, etc. |
Dr. Patrick L. Brown and Dr. James P. Concannon. |
| 260 ## - PUBLICATION, DISTRIBUTION, ETC. (IMPRINT) |
| Place of publication, distribution, etc. |
New York : |
| Name of publisher, distributor, etc. |
Routledge, |
| Date of publication, distribution, etc. |
©2019. |
| 300 ## - PHYSICAL DESCRIPTION |
| Extent |
xxi, 77 pages : |
| Other physical details |
illustrations ; |
| Dimensions |
25 cm |
| 504 ## - BIBLIOGRAPHY, ETC. NOTE |
| Bibliography, etc |
Includes bibliographical references. |
| 520 ## - SUMMARY, ETC. |
| Summary, etc. |
"This new book shows elementary teachers how evidence-based science activities help students achieve deeper conceptual understanding. Drawing on a wealth of research, authors Pat Brown and Jim Concannon demonstrate how direct, hands-on experience in the science classroom can enable your students to become more self-reliant learners. They also provide a plethora of model lessons aligned with the Next Generation Science Standards (NGSS) and offer advice on how to create your lesson plans and activities to satisfy the demands of your curriculum. With the resources in this book, you and your students will be able to ditch the textbook and embark upon an exciting and rewarding journey to scientific discovery"-- |
| 650 #0 - SUBJECT ADDED ENTRY--TOPICAL TERM |
| Topical term or geographic name as entry element |
Science |
| General subdivision |
Study and teaching (Elementary) |
| Geographic subdivision |
United States. |
| 9 (RLIN) |
39234 |
| 650 #0 - SUBJECT ADDED ENTRY--TOPICAL TERM |
| Topical term or geographic name as entry element |
Inquiry-based learning |
| Geographic subdivision |
United States. |
| 9 (RLIN) |
40226 |
| 650 #0 - SUBJECT ADDED ENTRY--TOPICAL TERM |
| Topical term or geographic name as entry element |
Next Generation Science Standards (Education) |
| 9 (RLIN) |
40227 |
| 700 1# - ADDED ENTRY--PERSONAL NAME |
| Personal name |
Concannon, James, |
| Relator term |
author. |
| 9 (RLIN) |
40228 |
| 776 08 - ADDITIONAL PHYSICAL FORM ENTRY |
| Relationship information |
Online version: |
| Main entry heading |
Brown, Patrick, 1978- author. |
| Title |
Evidence-based science activities in grades 3-5 |
| Place, publisher, and date of publication |
New York : Routledge, 2019 |
| International Standard Book Number |
9780815383444 |
| Record control number |
(DLC) 2018051763 |
| 365 ## - TRADE PRICE |
| Price amount |
2,494.00 |
| Currency code |
Php |
| 906 ## - LOCAL DATA ELEMENT F, LDF (RLIN) |
| a |
7 |
| b |
cbc |
| c |
orignew |
| d |
1 |
| e |
ecip |
| f |
20 |
| g |
y-gencatlg |
| 942 ## - ADDED ENTRY ELEMENTS (KOHA) |
| Source of classification or shelving scheme |
Dewey Decimal Classification |
| Koha item type |
Circulation |